000
00295nam a2200121Ia 4500
008
190902s9999||||xx |||||||||||||| ||und||
020
_a
0-517-59860-4
100
_a
Mcdaniel,George
245
0
_a
IBM Dictionary of Computing
260
_a
London
_b
Prentice Hall
_c
1994
300
_a
758
942
_c
BK
999
_c
2929
_d
2929